Statistiques concernant They Shoot Pictures, Don't They? - films 321 à 340

Cliquez ici pour prendre le quiz!

Statistiques générales

  • Ce quiz a été pris 33 fois
  • Le résultat moyen est 8 sur 20

Statistiques - réponses

Réponse% Correct
Le Kid
88%
L'Empire contre-attaque
88%
Les Demoiselles de Rochefort
85%
La Belle et la Bête
77%
Le Salaire de la peur
62%
Bonnie et Clyde
54%
La Cité de Dieu
54%
L'Empire des sens
42%
Underground
38%
Que le spectacle commence
31%
Cabaret
27%
Indiscrétions
27%
Él
19%
Husbands
19%
Le Lys Brisé
15%
Les Harmonies Werckmeister
12%
L'Arbre aux sabots
8%
Le Maître des marionnettes
4%
A Canterbury Tale
0%
L'Assoiffé
0%

Distribution des résultats

Percentile par nombre de réponses

% des personnes avec chaque résultat

Votre développement - résultats

Vous n’avez pas pris ce quiz